More results-oriented job descriptions : 226 models to use or adapt-- with guidelines for creating your own /
"Roger and Sandra Plachy offer an innovative approach to a critical but often tedious and unproductive task: writing job descriptions. Their results-oriented method has revolutionized standard job descriptions, transforming them from mere "laundry lists" of duties or general descripti...
Saved in:
| Main Author: | |
|---|---|
| Other Authors: | |
| Format: | Book |
| Language: | English |
| Published: |
New York :
AMACOM,
c1998.
|
| Subjects: | |
| Tags: |
Add Tag
No Tags, Be the first to tag this record!
|
| LEADER | 02393cam a2200277 a 4500 | ||
|---|---|---|---|
| 001 | 007736285-3 | ||
| 005 | 20020606104010.5 | ||
| 008 | 970731s1998 nyuk 001 0 eng | ||
| 010 | |a 97035903 | ||
| 020 | |a 0814479618 (comb/pbk.) | ||
| 035 | 0 | |a ocm37493196 | |
| 040 | |a DLC |c DLC |d C#P |d HBS | ||
| 050 | 0 | 0 | |a HF5549.5.J613 |b P578 1998 |
| 082 | 0 | 0 | |a 658.3/06 |2 21 |
| 100 | 1 | |a Plachy, Roger. | |
| 245 | 1 | 0 | |a More results-oriented job descriptions : |b 226 models to use or adapt-- with guidelines for creating your own / |c Roger J. Plachy, Sandra J. Plachy. |
| 260 | |a New York : |b AMACOM, |c c1998. | ||
| 300 | |a xviii, 333 p. : |b forms ; |c 28 cm. + |e 1 computer disk (3 1/2 in.) | ||
| 500 | |a Includes indexes. | ||
| 538 | |a System requirements: Word 2.0. | ||
| 505 | 0 | |a pt. I.A New Philosophy of Job Descriptions. 1. Why Use Results-Oriented Job Descriptions? 2. Editing Job Descriptions in This Compendium. 3. Standard Job Results and Duties. 4. Writing Results-Oriented Job Descriptions. 5. Legal Considerations -- pt. II. Job Descriptions -- Appendix. Combined Lists of Job Descriptions From Results-Oriented JOB Descriptions and More Results-Oriented JOB Descriptions. | |
| 520 | 1 | |a "Roger and Sandra Plachy offer an innovative approach to a critical but often tedious and unproductive task: writing job descriptions. Their results-oriented method has revolutionized standard job descriptions, transforming them from mere "laundry lists" of duties or general descriptions of work processes to powerful tools for improving employee performance. Because results-oriented job descriptions emphasize the results desired from performing a particular job and explain why the work is important to the organization, employees better understand the true value of their work and are more committed to fulfilling goals."--BOOK JACKET. "More Results-Oriented Job Descriptions provides 226 brand new job descriptions in 26 categories, from accounting and finance to warehousing and distribution, that you can use as is or adapt to fit your needs. It also offers guidelines and worksheets for writing original job descriptions, exercises that will improve your writing skills, and explanations of relevant employment laws such as the Americans with Disabilities Act and the Fair Labor Standards Act."--Jacket. | |
| 650 | 0 | |a Job descriptions. | |
| 700 | 1 | |a Plachy, Sandra J. | |
| 988 | |a 20020608 | ||
| 906 | |0 DLC | ||


